01256cam a22003015i 4500999001700000001001000017003000900027005001700036008004100053020002500094040005100119082002000170100003500190245003800225264005800263300002800321336002600349337002800375338002700403500007100430520011300501650007200614650005200686651001000738653003700748942001200785952015700797 c20148d20120016684251EG-ScBUE20210201151314.0140218s2014 enk g 000 f eng d a9781780228716 (pbk.) aStDuBDSbengerdacStDuBDSdEG-ScBUEdEG-ScBUE04a813.54bWAL2221 aWalker, Alice,d1944-eauthor.14aThe color purple /cAlice Walker. 1aLondon :bWeidenfeld & Nicolson / Orion Books,c2014. axxi, 262 pages ;c20 cm atextbtxt2rdacontent aunmediatedbn2rdamedia avolumebnc2rdacarrier aOriginally published : New York : Harcourt Brace Jovanovich; 1983. aSet in the period between the world wars, this novel tells of two sisters, their trials, and their survival. 7aAdult child sexual abuse victims.zSouthern StatesvFiction.2BUEsh 7aAfrican American women.vFiction.2BUEsh921390 2BUEsh bHHUUEENNcJuly2015cFebruary2016 2ddccBB 00102ddc40708BaccahaMAINbMAINc2NDd2015-07-02ePurchaseg90.00h22696l11m29o813.54 WALp000038895r2025-07-15 00:00:00s2025-06-11v113.00yBB